| 000 | 00381nam a22001577a 4500 | ||
|---|---|---|---|
| 003 | CEME | ||
| 005 | 20210628204215.0 | ||
| 008 | 210218b xxu||||| |||| 00| 0 eng d | ||
| 040 | _c. | ||
| 082 | _a629.2 CAR'G | ||
| 100 |
_aGiles, J. G _969254 |
||
| 245 | _aCarburation lubrication and engine metallurgy | ||
| 260 |
_aLONDON _bILIFFE _c1968 |
||
| 300 | _a116P | ||
| 942 |
_cBK _2ddc |
||
| 999 |
_c576623 _d576623 |
||